| 000 | 01564cam a22001934a 4500 | ||
|---|---|---|---|
| 005 | 20250605164138.0 | ||
| 008 | 250528s ||||||||||||||||||||||||d | ||
| 035 | _a18864 | ||
| 040 |
_aGR-AtMCL _bgre _dGR-AtMCL _eAACR2 |
||
| 245 | 1 | _aΟικονομική των Μεταφορών / Γ' Έκδοση | |
| 260 | _c2006 | ||
| 300 | _a368 | ||
| 520 | _aΤο βιβλίο απευθύνεται τόσο στους επαγγελματίες μηχανικούς και οικονομολόγους, που ασχολούνται με τις μεταφορές, όσο και στους φοιτητές των Πολυτεχνειών και των Οικονομικών Σχολών. Μεταφορές και Οικονομία, Το Εθνικό και Παγκοσμιοποιημένο Οικονομικό Περιβάλλον, Ζήτηση και Προσφορά στην Αγορά των Μεταφορών, Κόστος Μεταφοράς, Μοντέλα Ζήτησης, Εμπορική και Τιμολογιακή Πολιτική, Μέθοδοι Αξιολόγησης Συγκοινωνιακών Έργων, Εφαρμογές Αξιολόγησης Συγκοινωνιακών Έργων, Μεταφορές και Περιβάλλον, Δίκαιο των Μεταφορών, Κοινοτοική Πολιτική Μεταφορών, Βιβλιογραφία, Δείκτης Όρων. | ||
| 700 | 1 |
_aΠροφυλλιδης Β _95138 |
|
| 700 | 1 |
_aΣ. & Μ. Γιαχούλης _95139 |
|
| 942 | _cBK | ||
| 999 |
_c4171 _d4171 |
||